000 00738nam a2200241Ia 4500
005 20260429112011.0
008 260429s9999||||xx |||||||||||||| ||und||
020 _a9781032364698
041 _aEnglish
082 _a378.198
_bLIM
100 _aLim, May Sok Mui
245 0 _aCoaching students in higher education :
_ba solution-focused approach to retention, performance and wellbeing /
_cMay Sok Mui Lim
250 _a1st ed.
260 _aNew Delhi :
_bRoutledge,
_c2025.
300 _axvii, 217 p.; pbk
650 _a Academic coaching
650 _a Higher education
650 _a Student retention
650 _aStudent counseling
700 _a Patel, Nadya Shaznay
700 _a Shahdadpuri, Ramesh
942 _cTB
999 _c51822
_d51822